|
|
|
|
| LEADER |
02375nam a2200589 a 4500 |
| 001 |
nkc20061639886 |
| 003 |
CZ PrNK |
| 005 |
20141029093436.0 |
| 007 |
ta |
| 008 |
060126s2006 xr abcfg 000 jdcze |
| 015 |
|
|
|a cnb001639886
|
| 020 |
|
|
|a 80-903323-1-5
|q (brož.)
|
| 035 |
|
|
|a (OCoLC)85544738
|
| 040 |
|
|
|a BOA001
|b cze
|d ABA001
|
| 043 |
|
|
|a e-xr---
|
| 045 |
|
|
|a x-y-
|
| 072 |
|
7 |
|a 797
|x Vodní sporty. Letecké sporty
|2 Konspekt
|9 20
|
| 080 |
|
|
|a 656.61-051
|2 MRF
|
| 080 |
|
|
|a 929
|2 MRF
|
| 080 |
|
|
|a 910.4(100)
|2 MRF
|
| 080 |
|
|
|a 910.3/.4
|2 MRF
|
| 080 |
|
|
|a 797.14
|2 MRF
|
| 080 |
|
|
|a (437.3)
|2 MRF
|
| 080 |
|
|
|a (0:82-322.6)
|2 MRF
|
| 100 |
1 |
|
|a Krautschneider, Rudolf,
|d 1943-
|7 jn20000728331
|4 aut
|
| 245 |
1 |
0 |
|a Co přinesly vlny a odvál vítr :
|b polsko-česká Victoria a její plavci : proč plout do polárních moří : příběhy o lidech, moři a pevnině /
|c Rudolf Krautschneider
|
| 246 |
3 |
0 |
|a Victoria
|
| 260 |
|
|
|a [Ústí nad Orlicí] :
|b Magalhaes-Cano,
|c 2006
|
| 300 |
|
|
|a 330 s., [16] s. obr. příl. :
|b il., mapy, portréty ;
|c 24 cm +
|e 1 CD-ROM + odštěpek a tříska z prken lodě Victorie v celofánovém sáčku
|
| 500 |
|
|
|a CD-ROM (800 fotografií) obsahuje též: Podmořský svět Zdeňka Toboly
|
| 580 |
|
|
|a Volné pokračování knih Lidé a oceán a Plachetnicí kolem světa pro pírko tučňáka
|
| 600 |
1 |
7 |
|a Krautschneider, Rudolf,
|d 1943-
|7 jn20000728331
|2 czenas
|
| 648 |
|
7 |
|a 20.-21. století
|7 ch462155
|2 czenas
|
| 650 |
0 |
7 |
|a mořeplavci
|7 ph123017
|z Česko
|y 20.-21. století
|2 czenas
|
| 650 |
0 |
7 |
|a cesty kolem světa
|7 ph119117
|2 czenas
|
| 650 |
0 |
7 |
|a mořeplavectví
|7 ph115370
|2 czenas
|
| 650 |
0 |
7 |
|a jachting
|7 ph114810
|2 czenas
|
| 650 |
0 |
9 |
|a navigators
|z Czechia
|y 20th-21st centuries
|2 eczenas
|
| 650 |
0 |
9 |
|a travels around the world
|2 eczenas
|
| 650 |
0 |
9 |
|a seafaring
|2 eczenas
|
| 650 |
0 |
9 |
|a yachting
|2 eczenas
|
| 655 |
|
7 |
|a autobiografické příběhy
|7 fd131891
|2 czenas
|
| 655 |
|
9 |
|a autobiographical stories
|2 eczenas
|
| 700 |
1 |
|
|a Tobola, Zdeněk
|7 mzk2014841325
|4 pht
|
| 740 |
0 |
2 |
|a Podmořský svět Zdeňka Toboly
|
| 787 |
0 |
|
|t Lidé a oceán
|
| 787 |
0 |
|
|t Plachetnicí kolem světa pro pírko tučňáka
|
| 910 |
2 |
|
|a BOA001
|b 2-1170.997
|
| 990 |
|
|
|a BK
|
| 995 |
|
|
|a 01
|
| 991 |
|
|
|b 200607
|
| 996 |
6 |
|
|b 2610283847
|c 2-1170.997
|l MZK
|r Sklad / do 1 hodiny
|n 1
|p p.v.
|w 000819670
|u 000010
|a 1
|e BOA001
|j MZK50
|s P
|